000 00879cad a22002175a 4500
001 E148725
008 091028s2009 xxkad f s 000 0 eng d
035 _a(Sirsi) u148725
041 0 _aeng
050 0 4 _a333.33 $2 18
110 2 _aLambert Smith Hampton
_92865
245 0 0 _aUKIT quarterly bulletin 2009 Q3
_h[electronic resource]
260 _a[S.l.]
_bLSH
_c2009
490 0 _aUK Investment Transactions (UKIT)
_vThird Quarter 2009
520 _aReports that investment yields are falling, and that investment activity is increasing. Central London offices and retail warehouses saw the greatest improvement in activity in Q3 2009.
590 _aKA
651 4 _aUnited Kingdom
_y
690 _aPROPERTY-COMMERCIAL PROPERTY-COMMERCIAL PROPERTY FINANCE AND INVESTMENT
856 4 0 _uhttps://www.lsh.co.uk/
_zView the item free of charge at www.lsh.co.uk...
942 _n0
999 _c110187
_d110187